| 000 | 01683nam a2200397 a 4500 | ||
|---|---|---|---|
| 003 | CHAP | ||
| 005 | 20230608062647.0 | ||
| 008 | 070625d2007 mx 00010 spa d | ||
| 010 | _a93784 | ||
| 011 | _a94756 | ||
| 035 | _a105353 | ||
| 040 | _cCHAP | ||
| 090 | _aCD-252 | ||
| 111 | 2 |
_aSeminario de Investigación del Doctorado en Problemas Económico Agroindustriales _n(20 : _d2006 : _cChapingo, Méx.) _9104056 |
|
| 245 | 1 | 0 |
_aEstructura y dinámica de los sistemas agroindustriales (disco compacto): _bmemoria _c/coord. por Rita Schwentesius Rindermann |
| 260 |
_aChapingo, Méx. : _bUACH. Centro de Investigaciones Económicas, Sociales y Tecnológicas de la Agroindustria y de la Agricultura Mundial. Centro de Investigaciones y Posgrado, _c2007. |
||
| 300 |
_a1 disco compacto _c4 3/4 plgs. |
||
| 590 |
_aBATCH-UPD _b10 _c20130110 _lUCH01 _h0818 |
||
| 590 |
_aBATCH-UPD _b10 _c20130410 _lUCH01 _h0455 |
||
| 590 |
_aBATCH-UPD _b10 _c20130914 _lUCH01 _h0053 |
||
| 590 |
_aBATCH-UPD _b10 _c20161124 _lUCH01 _h1713 |
||
| 590 |
_aCONVERSION _b10 _c20130109 _lUCH01 _h1352 |
||
| 650 | 1 | 4 |
_aAgricultura _xIndustrialización. _91560 |
| 650 | 1 | 4 |
_aIndustrias agrícolas _xCongresos. _957939 |
| 650 | 1 | 4 |
_aMéxico _xAspectos económicos. _976643 |
| 650 | 1 | 4 |
_aMéxico _xCondiciones sociales. _976730 |
| 650 | 1 | 4 | _aPolítica económica. |
| 651 | 4 |
_aMéxico _xPolítica y gobierno. _976783 |
|
| 700 | 1 |
_aSchwentesius Rindermann, Rita _e, coord. _9103302 |
|
| 901 | _aBK | ||
| 905 | _aMarco A. Mendoza T. | ||
| 911 | _aCustodia | ||
| 942 | _cCD | ||
| 949 |
_aCD-252 _bBC _cCD _d33724002223553 _eCD _gDonaciØn _i105353 _sb |
||
| 949 |
_aCD-252 _bBC _cCD _d33724002223595 _eCD _fc.2 _gDonaciØn _i105353 _sb |
||
| 999 |
_c93784 _d93784 |
||